000 00647nam a2200205 a 4500
005 20140310183207.0
008 030203s19uu xx 00 eng d
020 _a9780323019187
050 _aRT 48
_b.P68 2003
100 _aPotter, Patricia A.
245 _aPocket guide to health assessment /
_cPatricia A. Potter.
260 _aUSA :
_bMosby Inc.,
_c2003.
300 _a669 p. :
_bill. ;
_c20 cm.
521 _aNUR
650 _aNursing assessment
_xhandbooks, manuals, etc.
650 _aPhysical diagnosis
_xhandbooks, manuals, etc.
650 _aMedical history taking
_xNurse's instruction.
942 _cBK
_2lcc
_kFOR
999 _c20018
_d20018